Grönemeyer: Zitate zu Song (Album Mensch) - Statistiken

Allgemein
  • Dieses Quiz wurde 2 mal gespielt
  • Das Durchschnittsergebnis liegt bei 2 aus 11
Antwortstatistiken
Hint Antwort % Korrekt
Und es ist Sonnenzeit ungetrübt und leicht Mensch
100%
Haben den Regen gebogen uns Vertrauen geliehen Der Weg
50%
Dreh dein Kreuz in den Sturm Zum Meer
50%
Du glaubst der Regen tut dir nichts Blick zurück
0%
Verrat dir alle Geheimzahlen Demo (Letzter Tag)
0%
Ist jemand da, wenn dein Flügel bricht Dort und hier
0%
Ich ziehe unterm Schluss nen Strich Kein Pokal
0%
Im Bus der Zeit hast du nur einen Stehplatz Lache, wenn es nicht zum Weinen reicht
0%
Wehre dich, wenn es nach 33 riecht Neuland
0%
Keine Blumen im Fenster. Der Fernseher ohne Bild und Ton Unbewohnt
0%
Es gibt nichts zu erben, lieben wir uns gleich hier Viertel vor
0%
Keine übereinstimmenden Quizze gefunden
Verteilung der Resultate
Anzahl Personen mit jedem Resultat
Perzentil nach korrekt beantworteten Fragen
Ihre Resultats-Entwicklung
Sie haben dieses Quiz noch nicht gespielt